000 00364cam a2200145ua 4500
041 _aeng
_h
082 _a828.09
_bHAL/SH
100 _aHalliday, F E .
245 _aShakespeare in his age /
_cF E Halliday.
_hTextual Documents
260 _aLondon :
_bGerald duckworth&co. ltd ,
_c1964.
300 _a362 ; .
504 _a
942 _cBK
999 _c3707
_d3707